| 000 | 00408nam a2200157 4500 | ||
|---|---|---|---|
| 003 | SEACOMEC | ||
| 005 | 20250501134003.0 | ||
| 008 | 250501b |||||||| |||| 00| 0 eng d | ||
| 020 |
_a978-9332509870 _c485.00 |
||
| 040 | _aSEACOMEC | ||
| 082 |
_a510.002462 _bR165 |
||
| 100 | _aRam , Babu | ||
| 245 |
_aEngineering Mathematics/ _cBabu Ram |
||
| 260 |
_aNew Delhi: _bPearson Education, _c2010 |
||
| 942 | _cBOOK | ||
| 999 |
_c2253 _d2253 |
||